Benefits of group therapy (Record no. 74218)

MARC details
000 -LEADER
fixed length control field 01116cab a2200229 4500
001 - CONTROL NUMBER
control field ABS67517
008 - FIXED-LENGTH DATA ELEMENTS--GENERAL INFORMATION
fixed length control field 040303n2004 000 0 eng u
035 ## - SYSTEM CONTROL NUMBER
System control number (Sirsi) u125304
100 ## - MAIN ENTRY--PERSONAL NAME
Personal name Barraclough, A.
245 ## - TITLE STATEMENT
Title Benefits of group therapy
260 ## - PUBLICATION, DISTRIBUTION, ETC.
Date of publication, distribution, etc. 2004
490 ## - SERIES STATEMENT
Series statement Estates Gazette
Volume/sequential designation (0406) 7 February 2004, 133(1)
520 ## - SUMMARY, ETC.
Summary, etc. Argues that PFI projects offer many advantages to the private sector but the general processes are often time consuming and costly. Developers may need to look more at the provision of certain services such as facilities management and their costs and take more notice of their clients'priorities. Some measures could be taken to achieve this aim; research could be taken into the design, construction management and operational cycles of projects that have been completed to ascertain true value for money against lowest cost.
590 ## - LOCAL NOTE (RLIN)
Local note ABS
650 ## - SUBJECT ADDED ENTRY--TOPICAL TERM
Topical term or geographic name entry element PFI
650 ## - SUBJECT ADDED ENTRY--TOPICAL TERM
Topical term or geographic name entry element PFI CONTRACTS
650 ## - SUBJECT ADDED ENTRY--TOPICAL TERM
Topical term or geographic name entry element CONTRACT PROCEDURES
650 ## - SUBJECT ADDED ENTRY--TOPICAL TERM
Topical term or geographic name entry element PRIVATE SECTOR
650 ## - SUBJECT ADDED ENTRY--TOPICAL TERM
Topical term or geographic name entry element COST CONTROL
690 ## - LOCAL SUBJECT ADDED ENTRY--TOPICAL TERM (OCLC, RLIN)
Topical term or geographic name as entry element MANAGEMENT-BUSINESS MANAGEMENT-FINANCIAL MANAGEMENT
942 ## - ADDED ENTRY ELEMENTS (KOHA)
Suppress in OPAC 0
Holdings
Withdrawn status Lost status Source of classification or shelving scheme Damaged status Not for loan Home library Current library Shelving location Date acquired Total Checkouts Full call number Barcode Date last seen Copy number Price effective from Koha item type
    Dewey Decimal Classification     London London Journal article 03/03/2004   ABS67517 125304-1001 06/08/2019 1 06/08/2019 Journal article